header

Handbook of psychobiography (Record no. 22321)

MARC details
000 -LEADER
fixed length control field 01291nam a22003254a 4500
082 04 - DEWEY DECIMAL CLASSIFICATION NUMBER
Classification number 150/.72/2
245 00 - TITLE STATEMENT
Title Handbook of psychobiography
260 ## - PUBLICATION, DISTRIBUTION, ETC. (IMPRINT)
Place of publication Oxford ;
-- New York :
Name of publisher Oxford University Press,
Year of publication 2005.
300 ## - PHYSICAL DESCRIPTION
Number of Pages xi, 380 p. :
Other physical details ill.
650 #0 - SUBJECT ADDED ENTRY--TOPICAL TERM
Topical Term Psychology
Topical Term Artists
Topical Term Politicians
Topical Term Psychologists
700 1# - ADDED ENTRY--PERSONAL NAME
Personal name Schultz, William Todd.
856 40 - ELECTRONIC LOCATION AND ACCESS
Uniform Resource Identifier http://site.ebrary.com/lib/rucke/Doc?id=10271629

No items available.

© 2026 Rongo University
Contact us: librarian | system librarian | Rongo university